MARC

Tag First Indicator Second Indicator Subfields
LEADER 00000cam a2200000 a 4500
001 in00000009908
005 20230630111127.0
008 871102s1987 nyua b 100 0 eng
010 |a  87073104  
019 |a 17416174  |a 17447385 
029 1 |a AU@  |b 000006165929 
035 |a (OCoLC)ocm18962268  
035 |a (OCoLC)18962268  |z (OCoLC)17416174  |z (OCoLC)17447385 
035 |a (OCoLC)ocm18962268  
040 |a DLC  |b eng  |c DLC  |d AGL  |d BTCTA  |d BUF  |d OCLCO  |d OCLCF  |d OCLCA  |d OCLCQ  |d OCLCO  |d OCL  |d OCLCO  |d NTE  |d OCLCO 
050 0 0 |a TD883.1  |b .I58 1987 
050 1 4 |a TC163  |b .I557 1987 
070 0 |a TD883.1.I58  |b 1987 
072 0 |a W000 
082 0 0 |a 628.5/3  |2 19 
111 2 |a International Symposium on Modeling Environmental Flows  |d (1987 :  |c Boston, Mass.) 
245 1 0 |a International Symposium on Modeling Environmental Flows /  |c presented at the Winter Annual Meeting of the American Society of Mechanical Engineers, Boston, Massachusetts, December 13-18, 1987 ; sponsored by the Fluids Engineering Division, ASME, the Engineering Mechanics and Hydraulic Division, ASCE ; edited by D.E. Stock. 
260 |a New York, N.Y. (345 E. 47th St., New York 10017) :  |b American Society of Mechanical Engineers,  |c ©1987. 
300 |a v, 37 pages :  |b illustrations ;  |c 28 cm. 
336 |a text  |b txt  |2 rdacontent 
337 |a unmediated  |b n  |2 rdamedia 
338 |a volume  |b nc  |2 rdacarrier 
490 0 |a FED ;  |v v. 59 
504 |a Includes bibliographical references. 
650 0 |a Air  |x Pollution  |x Mathematical models  |v Congresses. 
650 0 |a Atmospheric diffusion  |x Mathematical models  |v Congresses. 
650 6 |a Diffusion atmosphérique  |x Modèles mathématiques  |v Congrès. 
650 7 |a Air  |x Pollution  |x Mathematical models.  |2 fast  |0 (OCoLC)fst00802125 
650 7 |a Atmospheric diffusion  |x Mathematical models.  |2 fast  |0 (OCoLC)fst00820421 
655 7 |a Conference papers and proceedings.  |2 fast  |0 (OCoLC)fst01423772 
700 1 |a Stock, David E. 
710 2 |a American Society of Mechanical Engineers.  |b Winter Annual Meeting  |d (1987 :  |c Boston, Mass.) 
710 2 |a American Society of Mechanical Engineers.  |b Fluids Engineering Division. 
710 2 |a American Society of Civil Engineers.  |b Engineering Mechanics Division. 
710 2 |a American Society of Civil Engineers.  |b Hydraulics Division. 
830 0 |a FED (Series) ;  |v v. 59. 
938 |a Baker and Taylor  |b BTCP  |n 87073104 
948 |h NO HOLDINGS IN TXA - 46 OTHER HOLDINGS 
994 |a Z0  |b TXA 
999 f f |s cd1e8b2d-d568-3317-9454-c991df0e2704  |i 08f44e5a-5672-3de1-85eb-dd8c60409a85  |t 0 
952 f f |p ric  |a Texas A&M University  |b Rellis Campus  |c Joint Library Facility  |s JLF  |d Remote Storage  |t 0  |e TC163 .I557 1987  |h Library of Congress classification  |i unmediated -- volume  |m A14810948817